| 000 | 00401nam a22001697a 4500 | ||
|---|---|---|---|
| 003 | MPLRDC | ||
| 005 | 20220104114438.0 | ||
| 008 | 210129b ||||| |||| 00| 0 eng d | ||
| 082 | _a857.63 CKL v.127 | ||
| 100 | _a岑凯伦 | ||
| 245 |
_a飘过云彩 _c |
||
| 250 | _a初版 | ||
| 260 |
_a _b环球出版社 _c1988 |
||
| 300 | _b平 | ||
| 650 | _a短篇小说--别集 | ||
| 942 |
_cBK _o857.63 CKL v.127 |
||
| 999 |
_c7533 _d7523 |
||